| 000 | 00843nam a2200265 4500 | ||
|---|---|---|---|
| 001 | 47706 | ||
| 003 | BD-RjUL | ||
| 005 | 20211209054356.0 | ||
| 008 | 160810s1963 enk b 001 0 eng | ||
| 035 | _a(BD-RjUL)47825 | ||
| 040 |
_aDLC _cOClU _dOCoLC _dBD-RjUL _beng |
||
| 041 | _aeng | ||
| 082 |
_a364.630942 _223 _bGRP 1963 |
||
| 100 | 1 | 1 |
_aGrĂ¼nhut, Max _d1893-1964. _9136965 |
| 245 | 1 | 1 |
_aProbation and mental treatment / _cMax GrĂ¼nhut |
| 260 |
_aLondon : _bTavistock Publications, _cc1963. |
||
| 300 |
_avii, 56 p. ; _c22 cm. |
||
| 500 | _aIncludes index | ||
| 504 | _a. | ||
| 650 | 0 |
_aProbation _zGreat Britain. _9144915 |
|
| 650 | 0 |
_aMental health laws _zGreat Britain. _9144916 |
|
| 942 |
_2ddc _cBK |
||
| 999 |
_c47706 _d47706 |
||